|
|
|
|
| LEADER |
01146nam a22003017a 4500 |
| 001 |
36249 |
| 003 |
BD-DhAAL |
| 005 |
20211206115433.0 |
| 008 |
200121t2001 ilua 001 0 eng d |
| 999 |
|
|
|c 42175
|d 42175
|
| 020 |
|
|
|a 0130434183
|
| 020 |
|
|
|a 9780130434180
|
| 040 |
|
|
|a BD-DhAAL
|
| 082 |
|
|
|a 510.712
|
| 245 |
|
|
|a Prentice Hall middle grades math :
|b tools for success /
|c Suzanne H. Chapin... [et al.].
|
| 246 |
|
|
|a Middle grades math
|
| 246 |
|
|
|a Tools for success
|
| 250 |
|
|
|a Teacher's edition
|
| 260 |
|
|
|a Glenview, Ill. :
|b Prentice Hall,
|c ©2001.
|
| 300 |
|
|
|a 587 pages :
|b color illustrations ;
|c 29 cm.
|
| 500 |
|
|
|a Includes index.
|
| 505 |
|
|
|a Course 1 -- Course 2 -- Course 3.
|
| 650 |
|
|
|a Mathematics
|x Study and teaching (Elementary).
|9 39082
|
| 700 |
|
|
|a Chapin, Suzanne H.
|9 39083
|
| 710 |
|
|
|a Prentice-Hall, Inc.
|9 39084
|
| 852 |
|
|
|a Ayesha Abed Library
|c BIED Collection
|
| 942 |
|
|
|2 ddc
|c BK
|
| 952 |
|
|
|0 0
|1 0
|2 ddc
|4 0
|6 510_712000000000000_PRE
|7 0
|9 67768
|a BRACUL
|b BRACUL
|c GEN
|d 2020-01-21
|e Complimentary copy from BIED
|l 0
|o 510.712 PRE
|p 3010036249
|r 2020-01-21
|t 1
|w 2020-01-21
|y BK
|x Transferred from BIED to General Stacks
|